Gobernantes de Nicaragua (1821-1956) : guía para el estudio de su biografías políticas
| Main Author: | |
|---|---|
| Format: | Section = Libro |
| Language: | Undetermined Spanish |
| Published: |
Managua
Aldilá
1996
|
| Subjects: |
| LEADER | 00607nam a2200193Ia 4500 | ||
|---|---|---|---|
| 008 | 240829s9999 xx 000 0 und d | ||
| 040 | |a BIBLIOTECA-RUSB/ Ref 972.85 D542 | ||
| 041 | |a spa | ||
| 082 | |a Ref 972.85 D542 | ||
| 100 | 1 | |a Díaz Lacayo, Aldo | |
| 245 | 1 | 0 | |a Gobernantes de Nicaragua (1821-1956) : guía para el estudio de su biografías políticas |
| 260 | |a Managua |b Aldilá |c 1996 | ||
| 300 | |a 192 p. :il. | ||
| 650 | 7 | |a NICARAGUA HISTORIA 1821-1956 | |
| 650 | 7 | |b PRESIDENTES DE NICARAGUA-BIBLIOGRAFIA | |
| 650 | 7 | |c NICARAGUA POLITICA - HISTORIA | |
| 942 | |c BK |2 ddc | ||
| 991 | |a TEXTO | ||
| 999 | |c 6714 | ||